| 000 | 00000nam##2200000za#4500 |
| 001 | 9.641089 |
| 003 | CaOODSP |
| 005 | 20250403105352 |
| 007 | cr ||||||||||| |
| 008 | 150407|1996||||xxc|||||o f|0| 0 fre|d |
| 040 | |aCaOODSP|bfre |
| 043 | |an-cn--- |
| 086 | 1 |aCS92-N0092/1996F-PDF |
| 245 | 00|aDépouillement au bureau central AD III - contre-vérification des dossiers - recherche initiale (étape 1) |h[ressource électronique] |
| 260 | |aOttawa - Ontario : |bStatistique Canada |c1996. |
| 500 | |aPublication du recensement historique numérisé par Statistique Canada. |
| 590 | |a12-44-Supp|b2012-12-13 |
| 691 | 07|aCodification|2gcpds |
| 691 | 07|aRecensement|2gcpds |
| 710 | 2 |aStatistique Canada. |
| 775 | 08|tHead office processing DA III reverse record check - initial search (Phase I) |w(CaOODSP)9.697016 |
| 856 | 40|ahttp://publications.gc.ca|qPDF|s21.8 Mo|uhttps://publications.gc.ca/collections/collection_2012/statcan/rh-hc/CS92-N0092-1996-fra.pdf |
| 986 | |aH-300A |